Šalys Arčiausiai Lietuvoje - Vieną Minutę Sprintas - Statistics

General Stats
  • This quiz has been taken 25 times
  • The average score is 11 of 20
Answer Stats
km šalis % Correct
0 Latvija
100%
0 Rusija
100%
0 Baltarusija
92%
0 Lenkija
92%
152 Estija
85%
378 Suomija
77%
221 Ukraina
77%
458 Vokietija
77%
195 Švedija
69%
565 Čekija
54%
645 Norvegija
54%
517 Slovakija
46%
743 Austrija
38%
368 Danija
38%
620 Vengrija
38%
898 Serbija
31%
940 Slovėnija
31%
632 Moldova
23%
920 Nyderlandai
15%
647 Rumunija
8%
No matching quizzes found
Score Distribution
Percent of People with Each Score
Percentile by Number Answered
Your Score History
You have not taken this quiz